[Event "2014 WBX Team Tournament"]
[Site "Edmonton"]
[Date "2014.12.13"]
[Round "1.1"]
[White "Brazeau, Robert"]
[Black "Dean, Tim"]
[Result "1-0"]
[WhiteElo "1849"]
[BlackElo "1958"]
[PlyCount "107"]
[EventDate "2014.12.13"]
[EventType "team-swiss"]
[EventRounds "5"]
[EventCountry "CAN"]

1. d4 Nf6 2. c4 e5 3. dxe5 Ng4 4. Nf3 Bc5 5. e3 Nc6 6. Be2 O-O 7. Nc3 a5 8. O-O
Re8 9. Qd5 Qe7 10. Na4 Ba7 11. Bd2 Nb4 12. Bxb4 axb4 13. b3 Nxe5 14. Nxe5 Qxe5
15. Qxe5 Rxe5 16. Nb2 Bd4 17. exd4 Rxe2 18. Rae1 Rxe1 19. Rxe1 Kf8 20. Ra1 d5
21. cxd5 Ra5 22. d6 cxd6 23. Nc4 Ra6 24. Ne3 Be6 25. d5 Bd7 26. Kf1 Bb5+ 27.
Ke1 Bd3 28. Kd2 Bg6 29. Kc1 Ra5 30. Kb2 Rc5 31. Rc1 Ke7 32. f4 Be4 33. Rc4 f5
34. Rxb4 b5 35. a4 bxa4 36. Rxa4 Bxd5 37. Nxf5+ Kf6 38. Ne3 Bc6 39. Rc4 g5 40.
fxg5+ Kxg5 41. Rd4 d5 42. Rg4+ Kf6 43. Rh4 Kg6 44. Rg4+ Kf6 45. Rf4+ Ke5 46.
Rf7 d4 47. Nc4+ Ke6 48. Rc7 Kd5 49. Rxh7 Ke4 50. Rh4+ Kd3 51. Rh3+ Ke2 52. g4
d3 53. Re3+ Kf2 54. Rxd3 1-0

[Event "2014 WBX Team Tournament"]
[Site "Edmonton"]
[Date "2014.12.13"]
[Round "1.1"]
[White "Haynes, Nicolas"]
[Black "Nguyen, Kim"]
[Result "0-1"]
[WhiteElo "2166"]
[BlackElo "2060"]
[PlyCount "80"]
[EventDate "2014.12.13"]
[EventType "team-swiss"]
[EventRounds "5"]
[EventCountry "CAN"]

1. d4 Nf6 2. c4 e6 3. g3 d5 4. Bg2 Bb4+ 5. Bd2 Be7 6. Nf3 O-O 7. O-O c6 8. Qc2
b6 9. Ne5 Nfd7 10. cxd5 Nxe5 11. dxc6 Nexc6 12. Bxc6 Nxc6 13. Qxc6 Ba6 14. Qe4
Qd7 15. Re1 f5 16. Qe3 Bb7 17. Bc3 b5 18. b3 f4 19. Qd3 Rab8 20. Nd2 Qd5 21.
Nf3 Qh5 22. g4 Qxg4+ 23. Kh1 Bd5 24. Rg1 Qh3 25. Rg2 Rf5 26. Rag1 Bf6 27. Bb4
g6 28. Qc3 Re8 29. Qc7 g5 30. Qd7 Qh5 31. Bd6 Qf7 32. Qxf7+ Kxf7 33. Be5 Bd8
34. h4 h6 35. Kh2 Rg8 36. Kh3 Be4 37. hxg5 hxg5 38. Kg4 Kg6 39. Rh1 Rff8 40.
Nh4+ gxh4 0-1

[Event "2014 WBX Team Tournament"]
[Site "Edmonton"]
[Date "2014.12.13"]
[Round "1.2"]
[White "Pechenkin, Vladimir"]
[Black "Miller, David"]
[Result "1/2-1/2"]
[WhiteElo "2302"]
[BlackElo "2045"]
[PlyCount "84"]
[EventDate "2014.12.13"]
[EventType "team-swiss"]
[EventRounds "5"]
[EventCountry "CAN"]

1. c4 g6 2. Nc3 Bg7 3. g3 Nf6 4. Bg2 O-O 5. d3 e5 6. e4 d6 7. Nge2 Nc6 8. O-O
Nh5 9. Nd5 f5 10. exf5 gxf5 11. f4 Nf6 12. fxe5 dxe5 13. Bg5 Ne7 14. d4 Nfxd5
15. Bxd5+ Kh8 16. dxe5 c6 17. Bg2 Qb6+ 18. Qd4 Qxd4+ 19. Nxd4 Ng6 20. b3 Bxe5
21. Rad1 f4 22. Bh6 Bg4 23. Bf3 Rfd8 24. Bxg4 Rxd4 25. Rxd4 Bxd4+ 26. Kg2 fxg3
27. hxg3 Bg7 28. Bg5 Ne5 29. Bf5 h6 30. Rh1 Rf8 31. g4 Nf7 32. Bf4 Kg8 33. Rd1
Ne5 34. Kg3 Kf7 35. Rd6 Bf6 36. Bxh6 Rd8 37. Rxd8 Bxd8 38. Bf4 Bc7 39. Bc8 b6
40. Bb7 c5 41. Be4 Bd6 42. Kh3 Nxc4 1/2-1/2

[Event "2014 WBX Team Tournament"]
[Site "Edmonton"]
[Date "2014.12.13"]
[Round "1.2"]
[White "Wang, Kaixin"]
[Black "Hughey, Micah"]
[Result "0-1"]
[WhiteElo "1814"]
[BlackElo "2212"]
[PlyCount "70"]
[EventDate "2014.12.13"]
[EventType "team-swiss"]
[EventRounds "5"]
[EventCountry "CAN"]

1. d4 d5 2. Nf3 c5 3. e3 Nc6 4. Nc3 Bg4 5. Be2 e6 6. O-O Nf6 7. Ne5 Bxe2 8.
Nxe2 Nxe5 9. dxe5 Nd7 10. f4 Be7 11. b3 f6 12. Bb2 O-O 13. Rc1 fxe5 14. fxe5
Rxf1+ 15. Qxf1 Qc7 16. Qf4 Rf8 17. Qg4 Rf5 18. Ng3 Nxe5 19. Bxe5 Rxe5 20. Nh5
Bg5 21. Nf4 Qe7 22. Qg3 Qf7 23. Rf1 Rf5 24. Rf3 d4 25. h4 Bh6 26. Nxe6 Qxe6 27.
Qb8+ Kf7 28. Qc7+ Kf6 29. Qd8+ Kg6 30. Rxf5 Bxe3+ 31. Rf2 Bxf2+ 32. Kxf2 Qf6+
33. Qxf6+ Kxf6 34. g4 Ke5 35. Kf3 b5 0-1

[Event "2014 WBX Team Tournament"]
[Site "Edmonton"]
[Date "2014.12.13"]
[Round "1.3"]
[White "Beaudry, Lukas"]
[Black "Arruebarrena, Rafael"]
[Result "1/2-1/2"]
[WhiteElo "2066"]
[BlackElo "2233"]
[PlyCount "66"]
[EventDate "2014.12.13"]
[EventType "team-swiss"]
[EventRounds "5"]
[EventCountry "CAN"]

1. e4 c5 2. Nf3 e6 3. d4 cxd4 4. Nxd4 Nc6 5. g3 d5 6. Bg2 Nf6 7. exd5 exd5 8.
O-O Be7 9. c4 Bg4 10. Nxc6 bxc6 11. Qa4 O-O 12. cxd5 cxd5 13. Nc3 d4 14. Ne4
Nxe4 15. Bxe4 Rc8 16. Re1 d3 17. Bxh7+ Kxh7 18. Qxg4 d2 19. Bxd2 Qxd2 20. Rxe7
Qxb2 21. Rd1 Qxa2 22. Kg2 Rfd8 23. Re5 Kg8 24. Rxd8+ Rxd8 25. Qh4 f6 26. Rh5
Kf7 27. Qe4 Qe6 28. Qa4 a6 29. Ra5 Rd6 30. h4 Qc8 31. Qa2+ Qe6 32. Qa4 Qc8 33.
Qa2+ Qe6 1/2-1/2

[Event "2014 WBX Team Tournament"]
[Site "Edmonton"]
[Date "2014.12.13"]
[Round "1.3"]
[White "Kadavil, Suresh"]
[Black "Koperski, Dustin"]
[Result "0-1"]
[WhiteElo "1628"]
[BlackElo "1565"]
[PlyCount "50"]
[EventDate "2014.12.13"]
[EventType "team-swiss"]
[EventRounds "5"]
[EventCountry "CAN"]

1. a3 d5 2. Nf3 c5 3. d3 Nc6 4. Nbd2 Nf6 5. e4 dxe4 6. dxe4 e5 7. Bd3 Bd6 8.
Nc4 Bg4 9. Ne3 O-O 10. h3 Bh5 11. g4 Bg6 12. h4 Bxe4 13. Bxe4 Nxe4 14. g5 Be7
15. Bd2 b5 16. Nf5 Nxd2 17. Qxd2 Qxd2+ 18. Kxd2 Rad8+ 19. Ke3 Rfe8 20. Rad1 Nd4
21. c3 Nxf5+ 22. Ke4 Rxd1 23. Rxd1 Nd6+ 24. Kd5 Nc4 25. b3 Rd8+ 0-1

[Event "2014 WBX Team Tournament"]
[Site "Edmonton"]
[Date "2014.12.13"]
[Round "1.3"]
[White "Zeggelaar, Mike"]
[Black "Briones, Dante"]
[Result "1-0"]
[WhiteElo "1924"]
[BlackElo "1936"]
[PlyCount "81"]
[EventDate "2014.12.13"]
[EventType "team-swiss"]
[EventRounds "5"]
[EventCountry "CAN"]

1. e4 e6 2. d4 d5 3. Nc3 dxe4 4. Nxe4 Nf6 5. Bd3 Nc6 6. Nf3 b6 7. Nxf6+ gxf6 8.
O-O Bb7 9. Re1 Qd7 10. c3 O-O-O 11. a4 Bd6 12. b4 e5 13. Qc2 Ne7 14. Be4 c6 15.
b5 Rdg8 16. bxc6 Bxc6 17. Bxc6 Qxc6 18. Qe4 Qxe4 19. Rxe4 f5 20. Re1 e4 21. Nd2
Nd5 22. Nc4 Bc7 23. Bd2 Rg7 24. Ne3 Ne7 25. c4 Rhg8 26. g3 f4 27. Bb4 Nc6 28.
Nd5 Nxb4 29. Nxb4 e3 30. fxe3 fxg3 31. h3 g2 32. Nd5 Bd6 33. e4 Bg3 34. Ne7+
Kd7 35. Nxg8 Bxe1 36. Nf6+ Ke6 37. Nh5 Bc3 38. Nxg7+ Kf6 39. Nh5+ Kg5 40. Rd1
Kxh5 41. Kxg2 1-0

[Event "2014 WBX Team Tournament"]
[Site "Edmonton"]
[Date "2014.12.13"]
[Round "1.4"]
[White "Cheng, Louis"]
[Black "Gardner, Robert"]
[Result "0-1"]
[WhiteElo "1991"]
[BlackElo "2101"]
[PlyCount "88"]
[EventDate "2014.12.13"]
[EventType "team-swiss"]
[EventRounds "5"]
[EventCountry "CAN"]

1. d4 Nf6 2. c4 e6 3. Nc3 Bb4 4. Qb3 c5 5. a3 Ba5 6. d5 Ne4 7. g3 Qf6 8. Nf3
exd5 9. cxd5 Bxc3+ 10. bxc3 Qxc3+ 11. Qxc3 Nxc3 12. Bb2 Nxd5 13. Bxg7 Rg8 14.
Be5 Nc6 15. Bg2 Nxe5 16. Nxe5 Ne7 17. O-O-O Nc6 18. Rd5 Ne7 19. Rd3 f6 20. Nc4
Nc6 21. Re3+ Kd8 22. Be4 Rg7 23. Rf3 Ne5 24. Nxe5 fxe5 25. Rf8+ Kc7 26. Rh8 a5
27. Bxh7 b5 28. Bf5 d5 29. Rh5 Bxf5 30. Rxf5 Re7 31. h4 b4 32. a4 c4 33. e3 Kd6
34. Rf6+ Re6 35. Rf7 d4 36. Rd1 d3 37. f4 exf4 38. Rxf4 Rc8 39. Kd2 Ke5 40. Rc1
c3+ 41. Kxd3 Rd6+ 42. Rd4 Rxd4+ 43. exd4+ Kd5 44. Re1 c2 0-1

[Event "2014 WBX Team Tournament"]
[Site "Edmonton"]
[Date "2014.12.13"]
[Round "1.4"]
[White "Ivanescu, Christian"]
[Black "Ludwig, Michael"]
[Result "0-1"]
[WhiteElo "1751"]
[BlackElo "1592"]
[PlyCount "58"]
[EventDate "2014.12.13"]
[EventType "team-swiss"]
[EventRounds "5"]
[EventCountry "CAN"]

1. e4 e5 2. Nf3 Nf6 3. Nc3 d6 4. Bc4 Be7 5. d3 O-O 6. h3 Nc6 7. Be3 Na5 8. Bb3
a6 9. a4 Nxb3 10. cxb3 h6 11. O-O Nh7 12. b4 f5 13. b5 f4 14. Bd2 axb5 15. Qb3+
Kh8 16. Qxb5 Ng5 17. Nxg5 Bxg5 18. f3 Bh4 19. Be1 Bxe1 20. Raxe1 Ra6 21. Qc4
Rc6 22. Qa2 Qg5 23. Kh1 Rf6 24. Re2 Rg6 25. Qf7 Be6 26. Qe8+ Kh7 27. a5 Qg3 28.
Qa8 Bxh3 29. gxh3 Qxh3+ 0-1

[Event "2014 WBX Team Tournament"]
[Site "Edmonton"]
[Date "2014.12.13"]
[Round "1.4"]
[White "Ludwig, David"]
[Black "Purewal, Sardul"]
[Result "0-1"]
[WhiteElo "1808"]
[BlackElo "1970"]
[PlyCount "76"]
[EventDate "2014.12.13"]
[EventType "team-swiss"]
[EventRounds "5"]
[EventCountry "CAN"]

1. b3 d5 2. Bb2 Nf6 3. e3 Bf5 4. f4 e6 5. Nf3 Nbd7 6. Be2 Bd6 7. O-O Bg4 8. Ne5
Bxe2 9. Qxe2 c6 10. Nxd7 Qxd7 11. d3 Qc7 12. Nd2 e5 13. fxe5 Bxe5 14. Bxe5 Qxe5
15. a4 O-O 16. Rae1 Rae8 17. Nf3 Qh5 18. h3 Re7 19. Qf2 Nd7 20. Qh4 Qxh4 21.
Nxh4 g6 22. Re2 f5 23. Rfe1 Nf6 24. Nf3 Rfe8 25. Kf2 c5 26. c4 Rd8 27. cxd5
Nxd5 28. d4 Nc3 29. Rc2 Ne4+ 30. Kf1 b6 31. dxc5 bxc5 32. Rb1 a5 33. Ke1 f4 34.
Nd2 Nxd2 35. Rxd2 Rxe3+ 36. Kd1 Rxd2+ 37. Kxd2 Rg3 38. Rf1 g5 0-1

[Event "2014 WBX Team Tournament"]
[Site "Edmonton"]
[Date "2014.12.13"]
[Round "2.1"]
[White "Nguyen, Kim"]
[Black "Arruebarrena, Rafael"]
[Result "0-1"]
[WhiteElo "2060"]
[BlackElo "2233"]
[PlyCount "68"]
[EventDate "2014.12.13"]
[EventType "team-swiss"]
[EventRounds "5"]
[EventCountry "CAN"]

1. e4 c5 2. Nf3 e6 3. d4 cxd4 4. Nxd4 Nc6 5. Nc3 Qc7 6. g3 a6 7. Bg2 d6 8. O-O
Bd7 9. Re1 Be7 10. g4 Rc8 11. Nde2 b5 12. Ng3 b4 13. Nce2 h6 14. Bd2 Nf6 15. h3
O-O 16. f4 Nh7 17. Kh1 Qb6 18. c3 a5 19. Rg1 Kh8 20. Qf1 d5 21. exd5 exd5 22.
Bxd5 Bc5 23. Rg2 Ne7 24. Be4 Nf6 25. Be1 Nxe4 26. Nxe4 Bc6 27. N2g3 f5 28. gxf5
Nxf5 29. Re2 Nxg3+ 30. Bxg3 Rce8 31. Qf3 Rf7 32. c4 Rfe7 33. Rae1 Rxe4 34. Rxe4
Rxe4 0-1

[Event "2014 WBX Team Tournament"]
[Site "Edmonton"]
[Date "2014.12.13"]
[Round "2.1"]
[White "Porter, Patrick"]
[Black "Koperski, Dustin"]
[Result "1-0"]
[WhiteElo "1826"]
[BlackElo "1565"]
[PlyCount "51"]
[EventDate "2014.12.13"]
[EventType "team-swiss"]
[EventRounds "5"]
[EventCountry "CAN"]

1. e4 c5 2. Nf3 a6 3. c3 Nc6 4. d4 cxd4 5. cxd4 d5 6. exd5 Qxd5 7. Nc3 Qd8 8.
d5 Na7 9. Bc4 g6 10. Bg5 Bg7 11. Qd2 b5 12. Bb3 Bb7 13. O-O Nf6 14. Rfe1 Nc8
15. Ne4 Nxd5 16. Nc5 Bc6 17. Ne5 Bxe5 18. Rxe5 Ncb6 19. Rd1 f6 20. Bxf6 Nxf6
21. Qh6 Bd5 22. Qg7 Rg8 23. Qxf6 Rf8 24. Qg5 Qd6 25. Bxd5 Qxc5 26. Bf7+ 1-0

[Event "2014 WBX Team Tournament"]
[Site "Edmonton"]
[Date "2014.12.13"]
[Round "2.1"]
[White "Zeggelaar, Mike"]
[Black "Brazeau, Robert"]
[Result "1-0"]
[WhiteElo "1924"]
[BlackElo "1849"]
[PlyCount "52"]
[EventDate "2014.12.13"]
[EventType "team-swiss"]
[EventRounds "5"]
[EventCountry "CAN"]

1. e4 e6 2. d4 d5 3. Nc3 Bb4 4. exd5 exd5 5. Bd3 Nc6 6. Nf3 Nge7 7. O-O O-O 8.
Bf4 Bf5 9. Ne2 Bxd3 10. Qxd3 Ng6 11. Bg3 Re8 12. Nf4 Bd6 13. Nxg6 Bxg3 14. fxg3
hxg6 15. Qd2 Re7 16. Rae1 Qd6 17. Rxe7 Qxe7 18. Re1 Qd7 19. Qe3 Kf8 20. Ng5 f6
21. Ne6+ Kf7 22. Nc5 Qg4 23. c3 b6 24. h3 Qc8 25. Nd3 g5 26. Qf3 Qh8 1-0

[Event "2014 WBX Team Tournament"]
[Site "Edmonton"]
[Date "2014.12.13"]
[Round "2.2"]
[White "Gardner, Robert"]
[Black "Pechenkin, Vladimir"]
[Result "0-1"]
[WhiteElo "2101"]
[BlackElo "2302"]
[PlyCount "52"]
[EventDate "2014.12.13"]
[EventType "team-swiss"]
[EventRounds "5"]
[EventCountry "CAN"]

1. b3 b6 2. Bb2 Bb7 3. d4 e6 4. Nd2 c5 5. e4 cxd4 6. Ngf3 d6 7. Nxd4 Nf6 8. Bd3
Nbd7 9. O-O Be7 10. f4 O-O 11. g4 Nc5 12. Qe2 d5 13. e5 Nfe4 14. Rf3 Nxd2 15.
Qxd2 Ne4 16. Qe2 Bc5 17. Rh3 f6 18. b4 fxe5 19. bxc5 exd4 20. Bxd4 Rxf4 21. Be5
Rf7 22. Bxe4 dxe4 23. Rd1 Qe7 24. Rd6 bxc5 25. Qd2 Raf8 26. g5 Rf1+ 0-1

[Event "2014 WBX Team Tournament"]
[Site "Edmonton"]
[Date "2014.12.13"]
[Round "2.2"]
[White "Hughey, Micah"]
[Black "Ludwig, David"]
[Result "1/2-1/2"]
[WhiteElo "2212"]
[BlackElo "1808"]
[PlyCount "41"]
[EventDate "2014.12.13"]
[EventType "team-swiss"]
[EventRounds "5"]
[EventCountry "CAN"]

1. e4 Nf6 2. e5 Nd5 3. d4 d6 4. c4 Nb6 5. f4 dxe5 6. fxe5 Nc6 7. Be3 Bf5 8. Nf3
e6 9. Nc3 Be7 10. Be2 Qd7 11. d5 exd5 12. cxd5 Nb4 13. Nd4 O-O-O 14. Nxf5 Qxf5
15. Bg4 Nd3+ 16. Qxd3 Qxg4 17. O-O Qh5 18. Rac1 Kb8 19. d6 cxd6 20. Bxb6 axb6
21. Rf5 1/2-1/2

[Event "2014 WBX Team Tournament"]
[Site "Edmonton"]
[Date "2014.12.13"]
[Round "2.3"]
[White "Mah, Sean"]
[Black "Ivanescu, Christian"]
[Result "1-0"]
[WhiteElo "1669"]
[BlackElo "1751"]
[PlyCount "73"]
[EventDate "2014.12.13"]
[EventType "team-swiss"]
[EventRounds "5"]
[EventCountry "CAN"]

1. e4 e5 2. f4 d6 3. Nf3 a6 4. fxe5 dxe5 5. Nxe5 Qh4+ 6. g3 Qxe4+ 7. Qe2 Qxe2+
8. Bxe2 Bd6 9. d4 Nd7 10. Bf4 Ngf6 11. Nc3 c5 12. Nxd7 Kxd7 13. O-O-O Bxf4+ 14.
gxf4 cxd4 15. Rxd4+ Ke7 16. Re1 Bd7 17. Bxa6+ Kf8 18. Bxb7 Ra7 19. Bc8 g6 20.
Bxd7 Nxd7 21. b4 f5 22. b5 Rg8 23. a4 Rg7 24. Nd5 Rb7 25. Rb4 Nc5 26. a5 Rgd7
27. a6 Rb8 28. Re5 Ra7 29. Rb1 Rc8 30. Nb4 Nd7 31. Re6 Nc5 32. Rc6 Rxc6 33.
Nxc6 Ra8 34. a7 Nb7 35. b6 Ke8 36. Na5 Nxa5 37. b7 1-0

[Event "2014 WBX Team Tournament"]
[Site "Edmonton"]
[Date "2014.12.13"]
[Round "2.3"]
[White "Miller, David"]
[Black "Cheng, Louis"]
[Result "1-0"]
[WhiteElo "2065"]
[BlackElo "1991"]
[PlyCount "103"]
[EventDate "2014.12.13"]
[EventType "team-swiss"]
[EventRounds "5"]
[EventCountry "CAN"]

1. e4 Nf6 2. e5 Nd5 3. d4 d6 4. Nf3 Bf5 5. a3 g6 6. Bc4 Nb6 7. Bb3 Bg7 8. Ng5
d5 9. g4 Bc8 10. Qf3 O-O 11. Nc3 c6 12. Be3 f6 13. exf6 Bxf6 14. Qh3 h5 15. Qh4
Bxg4 16. Rg1 Qd7 17. h3 Bf5 18. O-O-O Na6 19. Ne2 Nc7 20. Ng3 e6 21. Nxh5 gxh5
22. Nh7+ Bg7 23. Bh6 Bxh7 24. Rxg7+ Qxg7 25. Bxg7 Kxg7 26. Qg3+ Bg6 27. Rg1 Rf6
28. Qxc7+ Rf7 29. Qe5+ Rf6 30. c3 Nd7 31. Qc7 Rf7 32. Bc2 Nf8 33. Qe5+ Rf6 34.
Qxh5 Re8 35. h4 Kf7 36. Bxg6+ Rxg6 37. Rxg6 Nxg6 38. Qh7+ Kf6 39. h5 Ne7 40.
Qh6+ Kf7 41. Qf4+ Nf5 42. Qe5 Re7 43. a4 a6 44. Kc2 Ke8 45. Qh8+ Kd7 46. h6
Nxh6 47. Qxh6 Rf7 48. Kb3 Rxf2 49. Qg7+ Kc8 50. Qg8+ Kd7 51. a5 Re2 52. Qb8 1-0

[Event "2014 WBX Team Tournament"]
[Site "Edmonton"]
[Date "2014.12.13"]
[Round "2.3"]
[White "Seehagen, Terry"]
[Black "Wang, Kaixin"]
[Result "0-1"]
[WhiteElo "1836"]
[BlackElo "1814"]
[PlyCount "118"]
[EventDate "2014.12.13"]
[EventType "team-swiss"]
[EventRounds "5"]
[EventCountry "CAN"]

1. e4 c6 2. d4 d5 3. Nc3 dxe4 4. Nxe4 Nf6 5. f3 g6 6. Bc4 Bg7 7. c3 O-O 8. Ne2
Bf5 9. N2g3 Bxe4 10. fxe4 Nbd7 11. O-O b5 12. Bb3 e5 13. Bg5 Qc7 14. Qf3 h6 15.
Be3 Kh7 16. Qe2 Rae8 17. d5 a6 18. c4 cxd5 19. cxd5 Qd6 20. a4 b4 21. Rac1 Rc8
22. Bc4 a5 23. Ba6 Rxc1 24. Rxc1 Qb8 25. Rc6 Ne8 26. Qf2 Nc7 27. Nf5 Nxa6 28.
Rxa6 Qd8 29. Nd6 Nb8 30. Rb6 Qc7 31. Nb5 Qc4 32. Nd6 Qa2 33. h3 Qxa4 34. Rb7
Nd7 35. b3 Qa1+ 36. Kh2 Nf6 37. Bc5 Qc1 38. Ra7 Qa3 39. Qf3 Qc1 40. Nc4 Rc8 41.
Bd6 Re8 42. Rxf7 Qf4+ 43. Qxf4 exf4 44. e5 Nxd5 45. Nxa5 Kg8 46. Rb7 Bxe5 47.
Bxe5 Rxe5 48. Rb5 Rf5 49. Nc6 Kg7 50. Nxb4 Ne3 51. Rb6 Rg5 52. Re6 Rxg2+ 53.
Kh1 Rb2 54. Nd3 Rb1+ 55. Kh2 g5 56. Rb6 Nf1+ 57. Kg2 Nd2 58. b4 Rb3 59. Nf2
Rg3+ 0-1

[Event "2014 WBX Team Tournament"]
[Site "Edmonton"]
[Date "2014.12.13"]
[Round "2.4"]
[White "Briones, Dante"]
[Black "Dean, Tim"]
[Result "1/2-1/2"]
[WhiteElo "1936"]
[BlackElo "1958"]
[PlyCount "52"]
[EventDate "2014.12.13"]
[EventType "team-swiss"]
[EventRounds "5"]
[EventCountry "CAN"]

1. e4 e5 2. f4 exf4 3. Bc4 Nf6 4. e5 d5 5. exf6 dxc4 6. Qe2+ Be6 7. Nc3 Qxf6 8.
Nd5 Qd8 9. Nxf4 Qd7 10. d4 cxd3 11. cxd3 Nc6 12. Nf3 Bc5 13. Be3 Bxe3 14. Qxe3
O-O-O 15. O-O Rhe8 16. Qd2 Bf5 17. Rfe1 Rxe1+ 18. Rxe1 Bxd3 19. Qc3 Qf5 20.
Nxd3 Qxd3 21. Qxg7 Qg6 22. Qc3 Rg8 23. Qd2 h5 24. a3 Qf6 25. Qf2 Rd8 26. Rf1
Rh8 1/2-1/2

[Event "2014 WBX Team Tournament"]
[Site "Edmonton"]
[Date "2014.12.13"]
[Round "2.4"]
[White "Haynes, Nicolas"]
[Black "Beaudry, Lukas"]
[Result "1-0"]
[WhiteElo "2166"]
[BlackElo "2066"]
[PlyCount "54"]
[EventDate "2014.12.13"]
[EventType "team-swiss"]
[EventRounds "5"]
[EventCountry "CAN"]

1. d4 Nf6 2. Bg5 e6 3. e4 h6 4. Bxf6 Qxf6 5. c3 b6 6. Bd3 Bb7 7. Ne2 d6 8. Nd2
Nd7 9. a4 a5 10. O-O g6 11. f4 Qg7 12. Ng3 h5 13. Qe2 h4 14. Nh1 e5 15. fxe5
dxe5 16. Bc4 f5 17. Nf3 Be7 18. Be6 Nf8 19. Qb5+ c6 20. Qxb6 Bd8 21. Qb3 exd4
22. exf5 gxf5 23. Rae1 Nxe6 24. Rxe6+ Kf8 25. Nxd4 Qc7 26. Rxf5+ Kg7 27. Qd1
Rh7 1-0

[Event "2014 WBX Team Tournament"]
[Site "Edmonton"]
[Date "2014.12.13"]
[Round "3.1"]
[White "Arruebarrena, Rafael"]
[Black "Miller, David"]
[Result "1/2-1/2"]
[WhiteElo "2233"]
[BlackElo "2065"]
[PlyCount "49"]
[EventDate "2014.12.13"]
[EventType "team-swiss"]
[EventRounds "5"]
[EventCountry "CAN"]

1. e4 c5 2. Nf3 d6 3. d4 cxd4 4. Nxd4 Nf6 5. Nc3 a6 6. Be3 Ng4 7. Bc1 Nf6 8.
Be2 e5 9. Nb3 Be7 10. O-O O-O 11. Kh1 b6 12. Be3 Bb7 13. f3 Nbd7 14. a4 Qc7 15.
Qd2 Rac8 16. Rfd1 Rfd8 17. Qe1 d5 18. exd5 Bb4 19. Bd2 Bxc3 20. Bxc3 Nxd5 21.
Bxa6 Nxc3 22. Bxb7 Nxd1 23. Bxc8 Nxb2 24. Bxd7 Rxd7 25. Qe4 1/2-1/2

[Event "2014 WBX Team Tournament"]
[Site "Edmonton"]
[Date "2014.12.13"]
[Round "3.1"]
[White "Koperski, Dustin"]
[Black "Mah, Sean"]
[Result "1/2-1/2"]
[WhiteElo "1565"]
[BlackElo "1669"]
[PlyCount "52"]
[EventDate "2014.12.13"]
[EventType "team-swiss"]
[EventRounds "5"]
[EventCountry "CAN"]

1. e4 c6 2. d4 d5 3. e5 Bf5 4. h4 h6 5. g4 Bh7 6. Be3 e6 7. Nc3 Nd7 8. Bd3 Bxd3
9. Qxd3 a6 10. f4 c5 11. Nf3 c4 12. Qe2 Be7 13. O-O-O b5 14. Qg2 b4 15. Ne2 Qa5
16. Kb1 c3 17. b3 Rc8 18. f5 Nb6 19. g5 h5 20. f6 g6 21. fxe7 Nxe7 22. Rhf1 Nf5
23. Bc1 Nc4 24. Rd3 Na3+ 25. Ka1 Nxc2+ 26. Kb1 Na3+ 1/2-1/2

[Event "2014 WBX Team Tournament"]
[Site "Edmonton"]
[Date "2014.12.13"]
[Round "3.1"]
[White "Wang, Kaixin"]
[Black "Zeggelaar, Mike"]
[Result "0-1"]
[WhiteElo "1814"]
[BlackElo "1924"]
[PlyCount "70"]
[EventDate "2014.12.13"]
[EventType "team-swiss"]
[EventRounds "5"]
[EventCountry "CAN"]

1. d4 Nf6 2. Nf3 g6 3. c4 Bg7 4. Nc3 O-O 5. e4 d6 6. Be2 e5 7. d5 Nbd7 8. b4 a5
9. bxa5 Nc5 10. Bg5 Rxa5 11. O-O h6 12. Bxf6 Qxf6 13. h3 Qe7 14. Nd2 f5 15. f3
f4 16. Nb3 Nxb3 17. axb3 Rxa1 18. Qxa1 Qg5 19. Kh1 Qh5 20. Rf2 Bf6 21. Bf1 g5
22. Kg1 Qf7 23. Ra2 h5 24. Be2 Qg7 25. Qd1 Qh6 26. Nb5 Bd8 27. Nc3 g4 28. fxg4
f3 29. Bd3 Qe3+ 30. Kh2 hxg4 31. hxg4 Qh6+ 32. Kg1 Qe3+ 33. Kh2 f2 34. Rc2 Qh6+
35. Kg3 Qh4# 0-1

[Event "2014 WBX Team Tournament"]
[Site "Edmonton"]
[Date "2014.12.13"]
[Round "3.2"]
[White "Brazeau, Robert"]
[Black "Ludwig, David"]
[Result "0-1"]
[WhiteElo "1849"]
[BlackElo "1808"]
[PlyCount "84"]
[EventDate "2014.12.13"]
[EventType "team-swiss"]
[EventRounds "5"]
[EventCountry "CAN"]

1. d4 f5 2. Nf3 g6 3. g3 Bg7 4. Bg2 Nf6 5. O-O O-O 6. c4 d6 7. Nc3 Qe8 8. b3 c5
9. Nb5 Na6 10. d5 Nxd5 11. Qxd5+ e6 12. Qxd6 Bxa1 13. Ba3 Bf6 14. Nc7 Nxc7 15.
Qxc7 Rf7 16. Qf4 e5 17. Qe3 e4 18. Bxc5 Qd8 19. Ne1 b6 20. Bb4 a5 21. Bc3 a4
22. Bxf6 Qxf6 23. f3 exf3 24. Bxf3 Bb7 25. Bxb7 Rxb7 26. Qf3 Qe7 27. Nd3 axb3
28. axb3 Re8 29. Qd5+ Qf7 30. Qg2 Rbe7 31. Rf2 Qf6 32. g4 Qd4 33. Kh1 fxg4 34.
Rf4 Re4 35. Qxg4 Rxf4 36. Qxf4 Qxf4 37. Nxf4 Re4 38. Nd5 Rxe2 39. Nxb6 Rb2 40.
c5 Rxb3 41. Kg2 Kf7 42. Nd5 Rb5 0-1

[Event "2014 WBX Team Tournament"]
[Site "Edmonton"]
[Date "2014.12.13"]
[Round "3.2"]
[White "Gardner, Robert"]
[Black "Nguyen, Kim"]
[Result "0-1"]
[WhiteElo "2101"]
[BlackElo "2060"]
[PlyCount "212"]
[EventDate "2014.12.13"]
[EventType "team-swiss"]
[EventRounds "5"]
[EventCountry "CAN"]

1. d4 Nf6 2. c4 e6 3. Nc3 Bb4 4. e3 O-O 5. Bd3 c5 6. Nge2 d5 7. a3 Bxc3+ 8.
bxc3 Nc6 9. O-O dxc4 10. Bxc4 e5 11. Bb2 Bf5 12. f3 Qb6 13. Qd2 Rad8 14. d5 Na5
15. Ba2 c4 16. Kh1 Rxd5 17. Qc1 Rb5 18. Ng3 Bd3 19. Rf2 Nb3 20. Bxb3 Rxb3 21.
Kg1 Nd5 22. e4 Nf4 23. a4 a5 24. Ba3 Re8 25. Qe1 g6 26. Bc1 Ne6 27. Be3 Qc6 28.
h4 Nc5 29. Rfa2 b6 30. h5 Qf6 31. Ne2 Qc6 32. Ng3 f5 33. hxg6 hxg6 34. exf5
gxf5 35. Nh5 f4 36. Bd2 Qg6 37. Qh4 Kf7 38. Re1 Nd7 39. g4 fxg3 40. Kg2 Rh8 41.
Rh1 Rb1 42. Rxb1 Bxb1 43. Qxc4+ Qe6 44. Qxe6+ Kxe6 45. Rb2 Rxh5 46. Kxg3 Bf5
47. Be3 Rh3+ 48. Kg2 Rh8 49. c4 Rb8 50. f4 e4 51. Rb5 Rc8 52. Bxb6 Rxc4 53.
Bxa5 Rxa4 54. Bc3 Rc4 55. Rb3 Nc5 56. Ra3 Bg6 57. Kf2 Be8 58. Ke3 Bc6 59. Bd4
Kd5 60. Bg7 Rb4 61. f5 Rb3+ 62. Rxb3 Nxb3 63. Bc3 Nc5 64. Bd4 Nd7 65. Bc3 Ne5
66. Kf4 Nc4 67. f6 Ke6 68. Bd4 Na5 69. Bc3 Nc4 70. Bd4 Bd5 71. Bc3 e3 72. Bd4
e2 73. Bc3 Kf7 74. Kg3 Nb6 75. Kf2 Bc4 76. Ba5 Nd7 77. Ke3 Kxf6 78. Kd4 Ba6 79.
Ke4 Ke6 80. Bb4 Nf6+ 81. Kd4 Kf5 82. Bd2 Ne4 83. Be1 Kf4 84. Ba5 Kf3 85. Bb4
Ng3 86. Be1 Nf5+ 87. Ke5 Ne3 88. Bb4 Bb7 89. Be1 Nc2 90. Bc3 Ke3 91. Ba5 Nd4
92. Kf6 Ba8 93. Be1 Nc2 94. Ba5 Kd3 95. Kg7 Nd4 96. Be1 Ke3 97. Kf7 Nf3 98. Bg3
Ne5+ 99. Ke6 Ke4 100. Be1 Bd5+ 101. Ke7 Nf3 102. Bf2 Kf5 103. Kd6 Be4 104. Kc5
Kg4 105. Kc4 Kh3 106. Kc3 Kg2 0-1